header

Security and control in information systems (Record no. 127072)

MARC details
000 -LEADER
fixed length control field 01431nam a2200373 a 4500
082 04 - DEWEY DECIMAL CLASSIFICATION NUMBER
Classification number 005.8
100 1# - MAIN ENTRY--AUTHOR NAME
Personal name Hawker, Andrew.
245 10 - TITLE STATEMENT
Title Security and control in information systems
260 ## - PUBLICATION, DISTRIBUTION, ETC. (IMPRINT)
Place of publication London :
Name of publisher Routledge,
Year of publication 2000.
300 ## - PHYSICAL DESCRIPTION
Number of Pages ix, 332 p. :
Other physical details ill.
490 1# - SERIES STATEMENT
Series statement Routledge information systems textbooks ;
500 ## - GENERAL NOTE
General note Includes index.
650 #0 - SUBJECT ADDED ENTRY--TOPICAL TERM
Topical Term Electronic data processing departments
Topical Term Computer security.
Topical Term Information technology
856 40 - ELECTRONIC LOCATION AND ACCESS
Uniform Resource Identifier http://site.ebrary.com/lib/rucke/Doc?id=2002413

No items available.

© 2026 Rongo University
Contact us: librarian | system librarian | Rongo university